| 000 | 02603cam a22005774i 4500 | ||
|---|---|---|---|
| 003 | PE-LiUPU | ||
| 005 | 20250731170445.0 | ||
| 008 | 150706s1990 sp rb 000 0 spa d | ||
| 020 | _a8436809661 | ||
| 020 | _a9788436809664 | ||
| 035 | _a(Sirsi) i9788436809664 | ||
| 040 |
_aPE-LiUPU _bspa _cPE-LiUPU _dPE-LiUPU _erda |
||
| 049 | _aPRUA | ||
| 082 | 0 | 4 |
_a159.9 _bS21 _221 |
| 100 | 1 |
_aSánchez-Barranco Ruiz, Antonio, _eautor. |
|
| 245 | 1 | 0 |
_aHistoria de la psicología : _bsistemas movimientos y escuelas / _cAntonio Sánchez-Barranco Ruiz. |
| 264 | 1 |
_aSevilla : _bEdiciones Pirámide, _c1996. |
|
| 300 |
_a526 páginas ; _c24 centímetros |
||
| 336 |
_atext _2rdacontent |
||
| 337 |
_aunmediated _2rdamedia |
||
| 338 |
_avolume _2rdacarrier |
||
| 504 | _aIncluye referencias bibliográficas. | ||
| 505 | 0 | _aAspectos introductorios: cuestiones básicas y gestación de la psicología -- Cuestiones básicas en torno a la conceptualización como ciencias de la psicología y su historia -- Gestación de la psicología: la psicología pre-científica -- Sistemas, movimientos y escuelas en la historia de la psicología científica -- La psicología de la consciencia -- La psicología wundtiana y la escuela de Wurzburgo -- Las escuelas de corte fenomenológico contemporáneas al wundtismo -- La psicología de la Gestalt -- La psicología funcionalista -- La psicología de los reflejos -- La reflexología -- La psicología del comportamiento -- El conductismo empírico -- El neoconductismo -- La psicología del inconsciente -- El psicoanálisis freudiano -- La escuela kleiniana -- La psicología junguiana -- La psicología adleriana -- La psicología humanística. El movimiento humanístico -- La psicología cognitiva -- El movimiento cognitivo. | |
| 526 | _aSEG68 | ||
| 526 | _aSEG70 | ||
| 526 | _aSEG69 | ||
| 526 | _aSEG67 | ||
| 526 | _aSEG43 | ||
| 526 | _aP144 | ||
| 526 | _aP143 | ||
| 526 | _aP131 | ||
| 526 | _aP122 | ||
| 526 | _aP120 | ||
| 526 | _aP117 | ||
| 526 | _aP112 | ||
| 526 | _aP110 | ||
| 526 | _aP106 | ||
| 526 | _aP101 | ||
| 526 | _aP80 | ||
| 526 | _aP59 | ||
| 526 | _aP54 | ||
| 526 | _aP35 | ||
| 526 | _aP33 | ||
| 526 | _aP30 | ||
| 650 | 0 | 4 |
_aPsicología _xHistoria _vTratados, manuales, etc. |
| 910 | _agl | ||
| 942 |
_2ddc _cBOOK |
||
| 949 |
_a159.9 S21 _wDEWEY _c1 _i59879 _lCCODEBUL1 _mBUL _p27.00 _r0 _sY _tBOOK _u2015-7-6 _xEDUCACION _o.STAFF. Colección Ciencias de la Salud |
||
| 980 |
_81 _gALBERTO SANCHEZ Responsable de Automatización |
||
| 999 |
_c49411 _d49411 |
||